Cobertura del régimen presupuesta , para las empresas industriales y comerciales del estado y sus asimiladas (Registro nro. 138149)

Detalles MARC
000 -CABECERA
campo de control de longitud fija 00460nam a2200157Ia 4500
001 - NÚMERO DE CONTROL
campo de control 138149
003 - IDENTIFICADOR DEL NÚMERO DE CONTROL
campo de control 230291
005 - FECHA Y HORA DE LA ÚLTIMA TRANSACCIÓN
campo de control 20241026062603.0
008 - DATOS DE LONGITUD FIJA--INFORMACIÓN GENERAL
campo de control de longitud fija ||||||n9999 ||| || ||
082 ## - NÚMERO DE LA CLASIFICACIÓN DECIMAL DEWEY
Número de clasificación 350722
245 #0 - MENCIÓN DE TÍTULO
Título Cobertura del régimen presupuesta , para las empresas industriales y comerciales del estado y sus asimiladas
562 ## - NOTA DE IDENTIFICACIÓN DE LA COPIA Y VERSIÓN
Número de copias 0
650 ## - PUNTO DE ACCESO ADICIONAL DE MATERIA--TÉRMINO DE MATERIA
Término de materia o nombre geográfico como elemento de entrada COMPOSICIÓN DEL GASTO PÚBLICO
9 (RLIN) 21988
650 #0 - PUNTO DE ACCESO ADICIONAL DE MATERIA--TÉRMINO DE MATERIA
Término de materia o nombre geográfico como elemento de entrada Gastos públicos
9 (RLIN) 5525
942 ## - ELEMENTOS DE PUNTO DE ACCESO ADICIONAL (KOHA)
Tipo de ítem Koha Tesis

No hay ítems disponibles.